[Event "56th Rubinstein Memorial D 2020"]
[Site "Polanica Zdroj"]
[Date "2020.08.20"]
[Round "6.19"]
[White "Maj, Samuel"]
[Black "Lisiecki, Robert"]
[Result "0-1"]
[WhiteElo "1188"]
[BlackElo "1749"]
[Annotator "NA RC"]
[PlyCount "94"]
[EventDate "2020.08.15"]
[EventType "swiss"]
[EventCountry "POL"]
[SourceTitle "playchess.com"]
[Source "ChessBase"]
[SourceQuality "1"]
[TimeControl "40/5400+30:1800+30"]

1. d4 {[%emt 0:00:00]} Nf6 {[%emt 0:00:00]} 2. c4 {[%emt 0:00:00]} Nc6 {[%emt 0:00:00]} 3. Nf3 {[%emt 0:00:22]} e6 {[%emt 0:00:00]} 4. Nc3 {[%emt 0:04:23]} Bb4 {[%emt 0:00:00]} 5. Bg5 {[%emt 0:01:10]} d6 {[%emt 0:02:57]} 6. Qc2 {[%emt 0:06:27]} a5 {[%emt 0:00:25]} 7. e3 {[%emt 0:00:46]} O-O {[%emt 0:00:21]} 8. Bd3 {[%emt 0:00:34]} h6 {[%emt 0:01:09]} 9. Bh4 {[%emt 0:00:50]} e5 {[%emt 0:01:08]} 10. d5 {[%emt 0:05:56]} Nb8 {[%emt 0:00:45]} 11. Nd2 {[%emt 0:01:19]} Nbd7 {[%emt 0:05:55]} 12. Bxf6 {[%emt 0:05:21]} Nxf6 {[%emt 0:00:25]} 13. O-O {[%emt 0:00:31]} Bxc3 {[%emt 0:00:04]} 14. Qxc3 {[%emt 0:00:39]} Qe7 {[%emt 0:02:15]} 15. Qc2 {[%emt 0:03:28]} Nd7 {[%emt 0:08:46]} 16. f4 {[%emt 0:06:49]} Nc5 {[%emt 0:01:34]} 17. f5 {[%emt 0:01:07]} Nxd3 {[%emt 0:15:43]} 18. Qxd3 {[%emt 0:00:09]} e4 {[%emt 0:03:17]} 19. Qe2 {[%emt 0:12:32]} f6 {[%emt 0:02:08]} 20. Rf4 {[%emt 0:01:29]} Qe5 {[%emt 0:00:27]} 21. Nxe4 {[%emt 0:14:33]} Bxf5 {[%emt 0:01:01]} 22. Ng3 {[%emt 0:00:39]} Bh7 {[%emt 0:00:55]} 23. Raf1 {[%emt 0:02:31]} a4 {[%emt 0:01:17]} 24. Nf5 {[%emt 0:03:42]} Bxf5 {[%emt 0:00:42]} 25. Rxf5 {[%emt 0:00:02]} Qe4 {[%emt 0:00:32]} 26. R5f4 {[%emt 0:00:21]} Qe5 {[%emt 0:01:08]} 27. Rf5 {[%emt 0:00:18]} Qe4 {[%emt 0:01:55]} 28. R5f4 {[%emt 0:01:19]} Qe7 {[%emt 0:00:47]} 29. a3 {[%emt 0:01:02]} c6 {[%emt 0:01:05]} 30. dxc6 {[%emt 0:02:15]} bxc6 {[%emt 0:00:42]} 31. Rd4 {[%emt 0:00:46]} Rfe8 {[%emt 0:02:44]} 32. Rfd1 {[%emt 0:02:13]} Rab8 {[%emt 0:05:14]} 33. Rxd6 {[%emt 0:01:19]} Qe5 {[%emt 0:02:06]} 34. R6d2 {[%emt 0:01:06]} Rb3 {[%emt 0:01:39]} 35. e4 {[%emt 0:02:45]} f5 {[%emt 0:02:41]} 36. Rd8 {[%emt 0:02:09]} fxe4 {[%emt 0:00:16]} 37. Rxe8+ {[%emt 0:01:17]} Qxe8 {[%emt 0:00:51]} 38. Qf2 {[%emt 0:02:15]} e3 {[%emt 0:03:36]} 39. Qe2 {[%emt 0:00:45]} Qe7 {[%emt 0:02:06]} 40. Re1 {[%emt 0:04:03]} Qf6 {[%emt 0:03:07]} 41. h3 {[%emt 0:30:28]} Qd4 {[%emt 0:35:14]} 42. Qg4 {[%emt 0:02:33]} Qxg4 {[%emt 0:01:46]} 43. hxg4 {[%emt 0:00:02]} Kf7 {[%emt 0:00:42]} 44. Re2 {[%emt 0:00:43]} Ke6 {[%emt 0:00:25]} 45. Kh2 {[%emt 0:00:37]} Ke5 {[%emt 0:00:06]} 46. Kg3 {[%emt 0:00:14]} Ke4 {[%emt 0:00:09]} 47. Re1 {[%emt 0:00:49]} Rxb2 {[%emt 0:00:38]} 0-1

[Event "56th Rubinstein Memorial D 2020"]
[Site "Polanica Zdroj"]
[Date "2020.08.20"]
[Round "6.20"]
[White "Zarzecki, Dymitr Stanislaw"]
[Black "Perek, Oskar"]
[Result "1-0"]
[WhiteElo "1596"]
[BlackElo "1447"]
[Annotator "NA RC"]
[PlyCount "69"]
[EventDate "2020.08.15"]
[EventType "swiss"]
[EventCountry "POL"]
[SourceTitle "playchess.com"]
[Source "ChessBase"]
[SourceQuality "1"]
[TimeControl "40/5400+30:1800+30"]

1. Nf3 {[%emt 0:00:00]} d5 {[%emt 0:00:00]} 2. c4 {[%emt 0:00:00]} c6 {[%emt 0:00:00]} 3. b3 {[%emt 0:00:00]} Nf6 {[%emt 0:01:00]} 4. Bb2 {[%emt 0:00:07]} Bg4 {[%emt 0:01:40]} 5. g3 {[%emt 0:02:47]} e6 {[%emt 0:02:33]} 6. Bg2 {[%emt 0:01:46]} Bc5 {[%emt 0:01:43]} 7. O-O {[%emt 0:00:23]} Nbd7 {[%emt 0:00:39]} 8. d4 {[%emt 0:00:30]} Bd6 {[%emt 0:00:08]} 9. Nbd2 {[%emt 0:03:37]} Qc7 {[%emt 0:03:01]} 10. Rc1 {[%emt 0:05:33]} h5 {[%emt 0:02:52]} 11. c5 {[%emt 0:11:48]} Be7 {[%emt 0:00:21]} 12. b4 {[%emt 0:01:40]} O-O-O {[%emt 0:02:36]} 13. Qa4 {[%emt 0:19:36]} a6 {[%emt 0:00:13]} 14. Qb3 {[%emt 0:06:54]} Rdg8 {[%emt 0:00:45]} 15. a4 {[%emt 0:05:55]} g5 {[%emt 0:02:07]} 16. Ne5 {[%emt 0:01:56]} Nxe5 {[%emt 0:01:22]} 17. dxe5 {[%emt 0:00:07]} Nd7 {[%emt 0:00:10]} 18. f3 {[%emt 0:01:26]} Bf5 {[%emt 0:01:05]} 19. e4 {[%emt 0:00:56]} Bg6 {[%emt 0:00:49]} 20. exd5 {[%emt 0:02:28]} cxd5 {[%emt 0:00:32]} 21. Rfe1 {[%emt 0:02:01]} g4 {[%emt 0:00:28]} 22. f4 {[%emt 0:06:36]} h4 {[%emt 0:04:49]} 23. Bd4 {[%emt 0:00:20]} hxg3 {[%emt 0:01:28]} 24. hxg3 {[%emt 0:00:14]} Be4 {[%emt 0:01:21]} 25. Nxe4 {[%emt 0:03:08]} dxe4 {[%emt 0:00:11]} 26. Bxe4 {[%emt 0:00:19]} Rh3 {[%emt 0:02:14]} 27. c6 {[%emt 0:01:01]} Qb8 {[%emt 0:00:49]} 28. cxb7+ {[%emt 0:07:07]} Kd8 {[%emt 0:00:02]} 29. Rc8+ {[%emt 0:01:03]} Qxc8 {[%emt 0:00:02]} 30. bxc8=Q+ {[%emt 0:01:49]} Kxc8 {[%emt 0:00:13]} 31. Bf2 {[%emt 0:01:10]} Rgh8 {[%emt 0:00:36]} 32. Qc3+ {[%emt 0:02:28]} Kd8 {[%emt 0:00:34]} 33. Rd1 {[%emt 0:00:38]} f5 {[%emt 0:00:37]} 34. exf6 {[%emt 0:04:54]} Bxf6 {[%emt 0:00:24]} 35. Qxf6+ {[%emt 0:00:39]} 1-0

[Event "56th Rubinstein Memorial D 2020"]
[Site "Polanica Zdroj"]
[Date "2020.08.21"]
[Round "7.1"]
[White "Gromczak, Dariusz"]
[Black "Szczygiel, Jakub"]
[Result "1-0"]
[WhiteElo "1785"]
[BlackElo "1802"]
[Annotator "NA"]
[PlyCount "59"]
[EventDate "2020.08.15"]
[EventType "swiss"]
[EventCountry "POL"]
[SourceTitle "playchess.com"]
[Source "ChessBase"]
[SourceQuality "1"]
[TimeControl "40/5400+30:1800+30"]

{[%evp 8,52,62,43,39,46,64,56,68,59,67,62,87,86,32767,79,128,126,155,32767,147,157,203,168,359,370,351,374,400,32767,32767,32767,32767,337,316,322,340,319,325,331,517,574,550,602,555,647,587]} 1. e4 {[%emt 0:00:00]} c5 {[%emt 0:00:00]} 2. Nc3 {[%emt 0:00:00]} g6 {[%emt 0:00:00]} 3. d4 {[%emt 0:00:10]} Bg7 {[%emt 0:00:48]} 4. d5 {[%emt 0:00:30]} d6 {[%emt 0:00:24]} 5. Bb5+ {[%emt 0:00:17]} Nd7 {[%emt 0:01:03]} 6. a4 {[%emt 0:00:19]} Ngf6 {[%emt 0:00:48]} 7. Nf3 {[%emt 0:00:55]} O-O {[%emt 0:00:16]} 8. O-O {[%emt 0:00:18]} a6 {[%emt 0:00:44]} 9. Be2 {[%emt 0:00:23]} h6 {[%emt 0:00:19] [#] A43: Schmid Benoni.} 10. Nd2 $146 {[%emt 0:00:58]} ({Predecessor:} 10. h3 Ne8 11. Bf4 Ne5 12. Nxe5 dxe5 13. Be3 Qc7 14. Qd2 Kh7 15. a5 Nd6 16. f4 f5 17. fxe5 Bxe5 18. Bxh6 {1-0 (34) Stern,G (2015)-Eschle,H (1880) Bad Wiessee 2019}) 10... Nh7 {[%emt 0:02:03]} 11. Nc4 {[%emt 0:03:15]} Ne5 {[%emt 0:00:41]} 12. Nxe5 {[%emt 0:05:36]} dxe5 {[%emt 0:00:08]} 13. Be3 {[%emt 0:01:33]} b6 {[%emt 0:00:20]} 14. a5 {[%emt 0:00:15]} Bd7 {[%emt 0:00:35]} (14... b5 $16) 15. Qd2 {[%emt 0:04:04]} g5 $2 {[%emt 0:00:32]} (15... b5 16. Bxc5 f5) 16. axb6 {[%emt 0:02:10]} Qxb6 {[%emt 0:00:22] [#]} 17. b4 $1 {[%emt 0:00:30]} f5 {[%emt 0:01:58]} 18. Bxc5 {[%emt 0:05:15]} Qf6 {[%emt 0:00:13]} 19. d6 {[%emt 0:08:04]} exd6 {[%emt 0:04:17]} 20. Qxd6 {[%emt 0:07:06]} Qxd6 {[%emt 0:00:37]} 21. Bxd6 {[%emt 0:00:03]} Rfc8 {[%emt 0:01:09]} 22. Bc5 {[%emt 0:14:45]} ({Not} 22. Bxa6 Rxc3 23. Bc4+ {[%mdl 64] Discovered Attack} Rxc4 $14) 22... Bf8 {[%emt 0:00:32]} 23. Bxa6 {[%emt 0:01:16]} Rxa6 {[%emt 0:03:32]} (23... Rcb8 {keeps fighting.} 24. Nd5 Kg7) 24. Rxa6 {[%emt 0:01:28]} Bxc5 {[%emt 0:00:02]} 25. bxc5 {[%emt 0:00:43]} Rxc5 {[%emt 0:00:03]} 26. Rd1 {[%emt 0:06:02]} Nf8 $18 {[%emt 0:01:00]} 27. Nd5 {[%emt 0:00:42]} Bb5 {[%emt 0:01:26]} 28. Ra5 {[%emt 0:01:23]} Ne6 {[%emt 0:01:54]} 29. Ne7+ {[%emt 0:03:29]} Kf7 {[%emt 0:00:13]} 30. Nxf5 {[%emt 0:00:11]} 1-0

[Event "56th Rubinstein Memorial D 2020"]
[Site "Polanica Zdroj"]
[Date "2020.08.21"]
[Round "7.2"]
[White "Darowicki, Mariusz"]
[Black "Simon, Marek"]
[Result "0-1"]
[WhiteElo "1950"]
[BlackElo "1878"]
[Annotator "TA"]
[PlyCount "113"]
[EventDate "2020.08.15"]
[EventType "swiss"]
[EventCountry "POL"]
[SourceTitle "playchess.com"]
[Source "ChessBase"]
[SourceQuality "1"]

{[%evp 12,113,31,37,39,31,32,28,41,6,37,4,20,16,17,0,10,4,1,-2,0,0,0,-35,-35,-41,-44,-35,-48,-38,-27,-27,-31,-77,-67,-91,-25,-62,-52,-77,-34,-71,-29,-61,0,0,0,-25,0,-31,0,0,135,-60,295,295,284,198,198,197,444,444,444,444,444,444,444,428,428,428,427,427,564,549,559,0,523,406,472,396,400,383,351,310,345,357,365,372,368,302,357,0,0,1,191,197,188,-714,0,-695,-687,-29993,-29993,-29994]} 1. d4 d5 2. c4 c6 3. e3 Nf6 4. Nf3 Bf5 5. Nc3 e6 6. Nh4 Be4 7. f3 Bg6 {D12: Slav Defence: 3 Nf3 Nf6 4 e3 Bf5.} 8. g3 Nbd7 9. Bd2 {has lost popularity (9.cxd5).} Bd6 {[#] White has an edge.} 10. cxd5 $146 ({Predecessor:} 10. Qb3 Qc7 11. Rc1 a6 12. cxd5 exd5 13. Kf2 O-O 14. Kg2 Rfe8 15. Nxg6 hxg6 16. Bd3 {½-½ (43) Tomashevsky,E (2705)-Reshetnikov,A (2492) St Petersburg 2018}) 10... exd5 11. Qe2 O-O 12. Nxg6 hxg6 13. Bh3 Re8 14. O-O a6 15. Rad1 b5 16. Qd3 Nb6 17. Ne2 Nc4 18. Bc1 Ra7 $36 {[%mdl 2048] Black is pushing.} 19. Nf4 Rae7 {[%cal Rc4e3]} 20. Ng2 $1 a5 21. b3 Na3 22. Bd2 Qb6 23. Rc1 Ra8 (23... b4 $17) 24. Rfe1 b4 25. Nh4 a4 26. g4 axb3 27. axb3 Nb5 (27... Qc7 $5 {[%cal Rd6h2]} 28. Kg2 Nb5 $15) 28. g5 Nh7 29. f4 Ra2 30. Nf3 c5 31. Bf1 Rb7 (31... Nc7 $11) 32. Rc2 $2 (32. dxc5 $16 Bxc5 33. Qxd5) 32... Ra3 $2 {[%mdl 8192]} (32... Rxc2 $15 {stays ahead.} 33. Qxc2 Na3) 33. dxc5 $18 Bxc5 34. Qxd5 Nc3 35. Bxc3 Bxe3+ $2 (35... bxc3 36. Rxc3 Ra5) 36. Kg2 {And now Bd4 would win.} bxc3 {[#]} 37. Rxe3 $1 {[%mdl 576] Deflection} Qxe3 38. Qxb7 Qxf4 39. Qc8+ Nf8 40. Qc4 Qb8 41. Rxc3 Qa8 42. Qc6 Qd8 43. Qc4 $2 (43. Qc7 $18 Qxc7 44. Rxc7) 43... Ra5 $2 {[%mdl 8192]} (43... Qa8 $1 $11 44. Kg3 Qb7) 44. Rd3 Qe7 45. Qd4 Ne6 46. Qe3 Qb7 47. h4 Qb4 {intending ...Nf4+.} 48. Rd2 Qg4+ 49. Kh2 Rf5 50. Bg2 Nf4 51. Ne5 $2 ({White should try} 51. Qe1 $18) 51... Qxh4+ $11 52. Kg1 Rxg5 $2 (52... Qxg5 $11 53. Rf2 Nxg2 54. Qxg5 Rxg5) 53. Nf3 $1 $18 {[%csl LRg5,LRh4][%mdl 64] Threatening mate with Qe8+. Double Attack} Nh3+ 54. Kh2 $4 {[%mdl 8192] [#]} (54. Kf1 $18 Rf5 55. Rd5 $1 {[%mdl 512]}) 54... Qg3+ $1 $19 55. Kh1 {[#]} Rh5 $1 {( -> ...Nf2+!)} 56. Rd8+ Kh7 57. Nh2 {Accuracy: White = 51%, Black = 59%.} 0-1

[Event "56th Rubinstein Memorial D 2020"]
[Site "Polanica Zdroj"]
[Date "2020.08.21"]
[Round "7.3"]
[White "Pyka, Roman"]
[Black "Szczygiel, Konrad"]
[Result "0-1"]
[WhiteElo "1873"]
[BlackElo "1901"]
[Annotator "TA"]
[PlyCount "172"]
[EventDate "2020.08.15"]
[EventType "swiss"]
[EventCountry "POL"]
[SourceTitle "playchess.com"]
[Source "ChessBase"]
[SourceQuality "1"]

{[%evp 21,172,33,29,23,56,41,48,62,55,43,47,31,97,16,19,5,20,22,7,15,36,16,12,0,3,3,29,35,38,30,30,32,28,0,0,-16,-16,-84,-20,-229,-228,-246,-76,-197,-197,-196,-203,-360,-354,-328,-203,-228,-172,-416,-416,-416,-416,-482,-464,-427,-324,-289,-274,-498,-382,-440,-382,-382,-382,-382,-382,-382,-382,-498,-380,-382,-370,-553,-553,-29970,-29972,-29969,-29969,-29970,-29969,-29970,-29973,-29967,-29969,-29969,-29970,-29968,-29963,-29958,-29959,-29946,-12187,-12620,-11366,-735,-34,-34,-34,-34,-34,-34,-34,-34,-36,-36,-30,-30,-30,-30,-30,-29957,-39,-40,-36,-40,-30,-30,-30,-34,-30,-30,-30,-30,0,-30,-30,-30,-30,-38,-36,-36,-30,-30,-30,-36,-32,-29977,-29978,-29977,-29974,-29972,-29974,-29983,-29984,-29985,-29986,-29986,-29986]} 1. Nf3 g6 2. d4 Bg7 3. c4 c5 4. Nc3 cxd4 5. Nxd4 Nf6 6. e4 d6 7. Be2 O-O 8. O-O Nc6 9. Be3 Bd7 10. h3 Nxd4 11. Bxd4 Bc6 12. Bf3 {B38: Sicilian: Maroczy Bind with 5...Bg7 and 7...0-0.} Ne8 {[#]} 13. Re1 $146 ({Predecessor:} 13. Bxg7 Nxg7 14. Qd2 Qb6 15. Nd5 Bxd5 16. exd5 Rac8 17. Rac1 Rc7 18. Rfd1 Rfc8 19. b3 {½-½ (19) Hawkins,J (1923)-Twitchell,D (2009) Vale 2014}) 13... e5 14. Be3 {White is slightly better.} f5 15. Qb3 Qh4 16. Rad1 fxe4 {[#]} (16... Rf7 $14) 17. Bxe4 $1 {[%mdl 512]} Bxe4 $11 18. g3 {[#]} Bc2 $1 {[%cal Rc2b3][%mdl 512]} 19. gxh4 (19. Qxc2 Qxc4) 19... Bxb3 20. axb3 Bf6 21. h5 gxh5 22. Nb5 Be7 23. Bxa7 Nc7 24. Nxc7 Rxa7 25. Nd5 Bh4 26. Re2 Rf3 27. Ne3 b5 28. Kg2 Raf7 $36 {[%cal Rf3f2][%mdl 2048] Black is more active.} 29. Rf1 (29. Rxd6 $11 Rxf2+ 30. Rxf2 Rxf2+ 31. Kg1) 29... e4 ({Black should play} 29... b4 $1 $17) 30. Nd1 $2 (30. Nd5 $1 $11 {and White has nothing to worry.}) 30... Rg7+ $19 ({Weaker is} 30... Rxb3 31. Rxe4 Bf6 32. cxb5 $15) 31. Kh2 {[#]} Bf6 $2 (31... Bg3+ $1 $19 {[%mdl 512] is more deadly.} 32. fxg3 Rxf1) 32. Rxe4 (32. Re3 $17 {was the only chance.}) 32... Be5+ ({Don't do} 32... Rxb3 33. Ne3 $15) 33. Rxe5 dxe5 {[%mdl 4096] Endgame KRR-KRN} 34. Ne3 $2 (34. Re1) 34... b4 35. c5 Rgf7 36. Kg2 {Now c6 and White clings on.} e4 37. Nd5 $2 (37. c6 Rg7+ 38. Kh2) 37... R3f5 38. Ne3 Rxc5 39. Rd1 Rg5+ 40. Kf1 Rf3 41. Rd4 Rxh3 42. Rxb4 $2 (42. Rxe4 Rh1+ 43. Ke2) 42... Rh1+ 43. Ke2 Rb1 44. Rxe4 Rxb2+ 45. Kf3 Rxb3 46. Rh4 Kg7 47. Rh1 Kg6 48. Rh4 Rg1 49. Rh2 (49. Ra4 $142) 49... Kg5 50. Rg2+ Rxg2 51. Kxg2 {KR-KN} Rd3 52. Kg3 h4+ 53. Kg2 Kf4 54. Kh3 Kf3 55. Kxh4 Kxf2 56. Ng4+ Kg2 57. Nf6 Rf3 58. Kg5 Rh3 $1 59. Kg4 Rh6 60. Ne4 Rg6+ $2 (60... Rh1 $19 {Hoping for ...h5+.} 61. Nf6 Rh2) 61. Kh5 $1 $15 Kf3 62. Ng5+ Kf4 63. Nxh7 Kf5 64. Nf8 Rf6 65. Nh7 $1 Ra6 66. Ng5 Rg6 67. Nf3 Rg3 68. Nd4+ $2 {[%mdl 8192] [#]} (68. Nh4+ $11 Ke5 69. Ng6+ Ke4 70. Nh4) 68... Kf6 $2 (68... Ke5 $1 {mates} 69. Nc2 Rc3 70. Ne1 Kf4 71. Kh4 Rg3 72. Kh5 Rh3+ 73. Kg6 Rc3 74. Kf7 Kg3 75. Ke6 Kf2 76. Ng2 Kxg2 77. Kd5 Kf3 78. Kd4 Rc8 79. Kd5 Rd8+ 80. Kc4 Ke3 81. Kb5 Kd4 82. Kc6 Kc4 83. Kc7 Rd3 84. Kb6 Rd6+ 85. Kc7 Kc5 86. Kb7 Rd7+ 87. Kc8 Kc6 88. Kb8 Rd8+ 89. Ka7 Re8 90. Ka6 Ra8#) 69. Ne2 $1 Re3 70. Ng1 $1 Re8 {( -> ...Rh8+)} 71. Nf3 Rg8 72. Nd4 Ke5 73. Nc6+ $1 Kd6 74. Nd4 Ke5 75. Nc6+ $1 Kf4 76. Ne7 Rg7 77. Nd5+ Ke4 78. Kh6 Rg3 79. Ne7 Ke5 80. Kh5 Rg7 81. Nc6+ $2 {[%mdl 8192]} (81. Ng6+ $15 Kf6 82. Nh4) 81... Kd5 {Black mates.} 82. Nb4+ Kd4 83. Nc6+ {[#]} Ke4 $1 84. Kh6 Rb7 85. Na5 Rb6+ 86. Kg7 Kd5 {Accuracy: White = 60%, Black = 74%.} 0-1

[Event "56th Rubinstein Memorial D 2020"]
[Site "Polanica Zdroj"]
[Date "2020.08.21"]
[Round "7.4"]
[White "Szydelko, Kazimierz"]
[Black "Kozlowski, Pawel"]
[Result "0-1"]
[WhiteElo "1713"]
[BlackElo "1913"]
[Annotator "TA"]
[PlyCount "139"]
[EventDate "2020.08.15"]
[EventType "swiss"]
[EventCountry "POL"]
[SourceTitle "playchess.com"]
[Source "ChessBase"]
[SourceQuality "1"]

{[%evp 16,139,28,20,19,18,24,16,28,-2,4,0,0,0,6,0,23,18,15,16,45,17,17,17,19,25,21,0,0,0,6,-30,0,-101,-101,-110,-102,-152,-140,-125,-81,-94,-56,-22,31,-20,-10,-35,43,0,37,25,81,68,85,31,49,34,93,85,93,71,85,76,85,33,33,33,33,20,17,6,19,19,31,31,38,10,108,0,91,0,0,0,0,0,0,0,0,0,0,0,0,-63,-63,-63,-63,-210,0,-165,-8,-8,-8,-8,-8,-8,-8,-8,-8,-8,-8,-8,-8,-8,-8,-8,-8,-29982,-29983,-29983,-29984,-29984,-29985,-29985,-29986,-29986]} 1. Nf3 Nf6 2. d4 g6 3. g3 Bg7 4. Bg2 d6 5. O-O O-O 6. c4 Nc6 7. Nc3 Rb8 8. b3 a6 9. Bb2 b5 {E63: King's Indian: Fianchetto: Panno Variation with 7...a6.} 10. Ne1 Na5 11. cxb5 axb5 {[#] The position is equal.} 12. Qd2 $146 ({Predecessor:} 12. Nd3 b4 13. Ne4 Nd5 14. e3 Ba6 15. Re1 e6 16. a3 Nxb3 17. Qxb3 bxa3 18. Qxa3 Bxd3 19. Qxd3 Rxb2 20. Reb1 {½-½ (20) Topalov,V (2670)-Shirov,A (2695) Belgrade 1995}) 12... b4 13. Ne4 Nxe4 14. Bxe4 Bh3 15. Ng2 Qd7 16. Rfc1 Rfc8 17. Nf4 Bh6 18. e3 Bxf4 19. exf4 d5 20. Bf3 {next Rc5 is good for White.} c6 21. Qe2 h5 22. Re1 Rc7 23. Rac1 Nb7 24. Qe5 (24. a4 $11) 24... Nd6 $17 25. Rc2 Ra8 26. Bc1 Bf5 $1 {[%cal Rf5c2]} 27. Rce2 e6 28. Kg2 Ne8 29. h3 Qd6 (29... Rca7 $11) 30. Bd2 (30. g4 $1 $14 Bd3 31. Rd2 hxg4 32. hxg4) 30... Rb7 31. Rc1 Rb6 (31... Rxa2 $15 32. Be1 Ra3) 32. Be1 Qxe5 33. fxe5 Bd3 (33... Nc7 $11) 34. Rd2 Ba6 35. Be2 ({Better is} 35. g4 $16) 35... Bxe2 $14 36. Rxe2 Kf8 (36... Nc7 $14) 37. Rec2 $16 Raa6 38. Kf3 Ke7 39. Ke3 Kd7 40. f4 (40. f3 $16) 40... Ng7 $14 41. g4 Ra8 42. Kf3 Rh8 43. Kg3 Ne8 44. Rc5 Nc7 45. Ra5 hxg4 46. hxg4 Ra8 (46... Rbb8 $11 {remains equal.}) 47. Rcc5 ({White must play} 47. Rxa8 $16 Nxa8 48. Rc5) 47... Raa6 (47... Rbb8 $11 {keeps the balance.}) 48. Kh4 (48. Rxa6 $16 Rxa6 49. Rc2) 48... Nb5 $1 $36 {[%mdl 2048] Black is more active.} 49. Bxb4 Nxd4 50. Rxa6 Rxa6 51. Ra5 $1 {[%cal Ra5a6]} Rxa5 52. Bxa5 {[%mdl 4096] Endgame KB-KN} c5 53. Kg5 Ne2 54. f5 (54. Kf6 $11) 54... gxf5 $15 55. gxf5 Nd4 56. f6 {[#]} (56. fxe6+ $1 $15 fxe6 57. Kf4) 56... Ne2 $2 (56... Nc6 $1 $19 {[%cal Rc6a5]} 57. Bb6 c4 58. bxc4 dxc4) 57. Be1 $2 {[#]} (57. Kh6 $11 {and White has nothing to worry.}) 57... c4 $2 (57... Nc1 $1 $19 {[%cal Rc1a2]} 58. a4 Nd3) 58. bxc4 $11 dxc4 {Threatens to win with ...c3.} 59. a4 c3 {...c2 is the strong threat.} 60. Kh6 $1 c2 61. Bd2 c1=Q 62. Bxc1 Nxc1 {KN-K3P} 63. Kg7 Nd3 64. Kxf7 Nxe5+ {KN-KPP} 65. Kg7 Kd6 {White must now prevent ...Nd7.} (65... Kc7 $5) 66. Kf8 $2 {[%mdl 8192]} (66. a5 $11) 66... Nd7+ {Black mates.} 67. Kg7 e5 68. a5 {[#]} Nxf6 $1 {[%mdl 512]} 69. Kxf6 e4 70. a6 {Accuracy: White = 63%, Black = 71%.} 0-1

[Event "56th Rubinstein Memorial D 2020"]
[Site "Polanica Zdroj"]
[Date "2020.08.21"]
[Round "7.5"]
[White "Lukasiewicz, Aleksander"]
[Black "Kalkowski, Igor"]
[Result "1/2-1/2"]
[WhiteElo "1960"]
[BlackElo "1747"]
[Annotator "TA"]
[PlyCount "87"]
[EventDate "2020.08.15"]
[EventType "swiss"]
[EventCountry "POL"]
[SourceTitle "playchess.com"]
[Source "ChessBase"]
[SourceQuality "1"]

{[%evp 19,87,0,0,0,0,-13,0,0,0,0,0,0,0,0,5,0,0,0,20,13,28,34,61,15,23,0,45,43,41,44,43,43,46,47,43,6,6,0,25,0,0,-8,-21,-9,0,0,0,-131,-159,-132,-104,-323,-315,-360,-60,-597,-570,-877,0,0,0,0,0,0,0,0,0,0,0,0]} 1. e4 c5 2. Nf3 e6 3. d4 cxd4 4. Nxd4 Nc6 5. Nc3 Qc7 6. Nxc6 bxc6 7. Bd3 Nf6 8. O-O Be7 9. Qe2 d5 10. b3 O-O 11. Bb2 {B40: Sicilian: 2...e6, Unusual lines.} Re8 12. Na4 Bb7 {[#]} 13. c4 $146 ({Predecessor:} 13. e5 Nd7 14. c4 dxc4 15. Bxc4 Nb6 16. Bd3 Red8 17. Nc3 Nd5 18. f4 Qb6+ 19. Kh1 Nxc3 20. Bxc3 Rxd3 21. Qxd3 {½-½ (37) Shkuran,D (2437)-Bulanov,D (2260) Orsha 2008}) 13... dxe4 14. Bxe4 Nxe4 15. Qxe4 Bd6 16. h3 c5 17. Qg4 {[%csl Gb2][%cal Rg4g7] [#]} f5 18. Qe2 Bf4 19. Rad1 Qc6 {[%csl Gb7][%cal Rc6g2]} 20. f3 Qc7 21. Rfe1 {And now Be5 would win.} e5 22. Nc3 Bg3 23. Nb5 Qe7 24. Nd6 Bxe1 25. Nxe8 Rxe8 26. Rxe1 {[%cal Rb2e5]} e4 27. fxe4 Bxe4 28. Qe3 Qh4 29. Rf1 {Hoping for Rxf5!} Rd8 30. Ba3 ({But not} 30. Qxc5 Qg5 $17) 30... h6 $40 {[%mdl 128] Black mounts an attack.} (30... Rd3 $5 31. Qf4 $8 (31. Qxc5 $2 h6 $19) 31... Qe7 $11) 31. Bxc5 Rd3 32. Qf4 Qf6 33. Bxa7 (33. Be3 $11) 33... Qg6 $17 {[%csl Ge4][%cal Rg6g2]} 34. Rf2 Rxh3 $1 35. Bb8 $2 (35. Qd2 $17) 35... Rd3 $19 {( -> ...Rd1+)} 36. Rd2 Qb6+ $2 (36... Rxd2 $19 37. Qxd2 Qb6+ {[%mdl 64] Double Attack} 38. c5 Qxb8) 37. Rf2 $2 {[%mdl 8192]} (37. c5 $1 $15 Qxc5+ 38. Kh2) 37... g5 38. Bc7 {[#]} Qg6 $2 ({Weaker is} 38... gxf4 39. Bxb6 Kf7 40. Rxf4 $16) (38... Rd1+ $1 $19 39. Kh2 Qg6) 39. Qe5 $11 {The position is equal.} Qh5 40. Qe6+ Kh7 41. Qe7+ Kg8 42. Qe6+ Kh7 43. Qe7+ Kg8 44. Qe6+ {Accuracy: White = 64%, Black = 77%.} 1/2-1/2